American neoconservatism : (Record no. 122360)

MARC details
000 -LEADER
campo de control de longitud fija 03226cam a22004458i 4500
001 - NÚMERO DE CONTROL
campo de control 17818126
003 - IDENTIFICADOR DE NÚMERO DE CONTROL
campo de control BJBSDDR
005 - FECHA Y HORA DE LA ÚLTIMA TRANSACCIÓN
campo de control 20241113114615.0
007 - CAMPO FIJO DE DESCRIPCIÓN FÍSICA--INFORMACIÓN GENERAL
campo de control de longitud fija ta
008 - DATOS DE LONGITUD FIJA--INFORMACIÓN GENERAL
campo de control de longitud fija 130719s2013 nyu 000 0 eng
010 ## - NÚMERO DE CONTROL DE LA BIBLIOTECA DEL CONGRESO
Número de control de LC 2013017013
020 ## - NÚMERO INTERNACIONAL ESTÁNDAR DEL LIBRO
Número Internacional Estándar del Libro 9780199333455 (pbk.)
020 ## - NÚMERO INTERNACIONAL ESTÁNDAR DEL LIBRO
Número Internacional Estándar del Libro 0199333459 (pbk.)
040 ## - FUENTE DE CATALOGACIÓN
Centro catalogador/agencia de origen DLC
Lengua de catalogación eng
Centro/agencia transcriptor DLC
Normas de descripción rda
041 ## - CÓDIGO DE IDIOMA
Código de lengua del texto/banda sonora o título independiente eng
042 ## - CÓDIGO DE AUTENTICACIÓN
Código de autenticación pcc
043 ## - CÓDIGO DE ÁREA GEOGRÁFICA
Código de área geográfica n-us---
050 14 - SIGNATURA TOPOGRÁFICA DE LA BIBLIOTECA DEL CONGRESO
Número de clasificación JC 573.2
Número de ítem D785a 2013
082 00 - NÚMERO DE LA CLASIFICACIÓN DECIMAL DEWEY
Número de clasificación 320.520973
100 1# - ENTRADA PRINCIPAL--NOMBRE DE PERSONA
Nombre de persona Drolet, Jean-François
9 (RLIN) 39279
245 10 - MENCIÓN DEL TÍTULO
Título American neoconservatism :
Resto del título the politics and culture of a reactionary idealism /
Mención de responsabilidad, etc. Jean-François Drolet.
264 #1 - PRODUCCIÓN, PUBLICACIÓN, DISTRIBUCIÓN, FABRICACIÓN Y COPYRIGHT
Producción, publicación, distribución, fabricación y copyright New York :
Nombre del de productor, editor, distribuidor, fabricante Oxford University Press, USA,
Fecha de producción, publicación, distribución, fabricación o copyright 2013.
300 ## - DESCRIPCIÓN FÍSICA
Extensión x, 306 pages ;
Dimensiones 22 cm.
336 ## - TIPO DE CONTENIDO
Término de tipo de contenido text
Fuente rdacontent
337 ## - TIPO DE MEDIO
Nombre/término del tipo de medio unmediated
Fuente rdamedia
338 ## - TIPO DE SOPORTE
Nombre/término del tipo de soporte volume
Fuente rdacarrier
504 ## - NOTA DE BIBLIOGRAFÍA, ETC.
Nota de bibliografía, etc. Includes bibliographical references and index.
505 0# - NOTA DE CONTENIDO CON FORMATO
Nota de contenido con formato Introduction<br/>1. A New Conservatism<br/>2. Leo Strauss, Liberalism and the 'Crisis of Our Times'<br/>3. Capitalism, Culture Wars and the Neoconservative State<br/>4. The Democratic Mirage of Neoconservative<br/>Internationalism<br/>5. The Neoconservative Critique of Global Liberal Governance<br/>6. A Liberalism Betrayed?
520 ## - RESUMEN, ETC.
Sumario, etc. "American Neoconservatism moves beyond recent debates over the intricacies of the Bush administration's foreign policy to offer a deeper look at the philosophical premises of this 'new' conservatism in light of the historical events and changing social compacts that have created a demand for it over the past decades. It surveys neoconservative discourses on democracy, the liberal state, capitalism, national security, international law and global liberal governance, and draws attention to the systematic links between the domestic and international dimensions of neoconservative political sociology. Taking issue with neoconservatism's self-image, Drolet argues and demonstrates that American neoconservatism is not the centrist 'liberal' conservatism that it pretends to be--and that many analysts have diagnosed in recent years. To the extent that neoconservatism is committed to the Enlightenment discourse of liberalism, these commitments are firmly subordinated to an authoritarian form of cultural and philosophical conservatism, which is in fact ferociously predatory on liberal values and practices. Neoconservatism is not a conservative variant of liberalism but a deeply atavistic reaction to liberal modernity. It owes a lot more to the authoritarian intellectual milieu of interwar Europe than to the liberal tradition that its protagonists allegedly want to reform and protect against its enemies"--
Fuente proveedora Provided by publisher.
650 #0 - PUNTO DE ACCESO ADICIONAL DE MATERIA--TÉRMINO DE MATERIA
Término de materia o nombre geográfico como elemento de entrada Conservatism
Subdivisión geográfica United States.
650 #4 - PUNTO DE ACCESO ADICIONAL DE MATERIA--TÉRMINO DE MATERIA
Término de materia o nombre geográfico como elemento de entrada Conservadurismo
Subdivisión geográfica Estados Unidos
Subdivisión general Historia
9 (RLIN) 5216
651 #0 - PUNTO DE ACCESO ADICIONAL DE MATERIA--NOMBRE GEOGRÁFICO
Nombre geográfico United States
Subdivisión general Politics and government
Subdivisión cronológica 1945-1989.
651 #0 - PUNTO DE ACCESO ADICIONAL DE MATERIA--NOMBRE GEOGRÁFICO
Nombre geográfico United States
Subdivisión general Politics and government
Subdivisión cronológica 1989-
651 #4 - PUNTO DE ACCESO ADICIONAL DE MATERIA--NOMBRE GEOGRÁFICO
Nombre geográfico Estados Unidos
Subdivisión general Política y gobierno
Subdivisión cronológica 1945-1989.
9 (RLIN) 2807
651 #4 - PUNTO DE ACCESO ADICIONAL DE MATERIA--NOMBRE GEOGRÁFICO
Nombre geográfico Estados Unidos
Subdivisión general Política y gobierno
Subdivisión cronológica 1989-
9 (RLIN) 2188
906 ## - ELEMENTOS DE DATOS F LOCAL, LDF (RLIN)
a 7
b cbc
c orignew
d 1
e ecip
f 20
g y-gencatlg
942 ## - ELEMENTOS DE ENTRADA SECUNDARIOS (KOHA)
Fuente del sistema de clasificación o colocación Clasificación de Library of Congress
Tipo de ítem Koha Libro
946 ## - PROCESAMIENTO DE INFORMACIÓN LOCAL (OCLC)
Iniciales del agente catalogador dpf
Holdings
Estatus retirado Estado de pérdida Fuente del sistema de clasificación o colocación Estado de daño No para préstamo Colección Biblioteca de origen Biblioteca actual Ubicación en estantería Fecha de adquisición Signatura topográfica completa Código de barras Visto por última vez Copia número Tipo de ítem Koha
    Clasificación de Library of Congress     Ciencias Sociales Biblioteca Juan Bosch Biblioteca Juan Bosch Ciencias Sociales (3er. Piso) 30/10/2024 JC 573.2 D785a 2013 00000186683 30/10/2024 1 Libro